| 000 | 00363nam a2200109Ia 4500 | ||
|---|---|---|---|
| 008 | 180315s9999 xx 000 0 und d | ||
| 020 | _a9780071773997 | ||
| 100 | _aSheridan, Kevin | ||
| 245 |
_aBuilding a magnetic culture _bHow to attract and retain top talent to create an engaged, productive workforce |
||
| 260 |
_aUSA : _b2012 _cmcGrawHill |
||
| 300 | _a253 pages | ||
| 999 |
_c356302 _d356302 |
||